Statistics for Characters Played by Different Actors - original version

Click here to take the quiz!

General Stats

  • This quiz has been taken 580 times
    (578 since last reset)
  • The average score is 14 of 20

Answer Stats

Actors Character % Correct
Michael Keaton; Christian BaleBatman
98%
Sean Connery; Pierce BrosnanJames Bond
98%
Tobey Maguire; Andrew GarfieldSpider-man
94%
Christopher Reeve; Brandon RouthSuperman
86%
William Shatner; Chris PineJames T Kirk
86%
Robert Downey Jr.;
Benedict Cumberbatch
Sherlock Holmes
84%
Frank Sinatra; George ClooneyDanny Ocean
82%
Harrison Ford; River PhoenixIndiana Jones
80%
Alec Guinness; Ewan McGregorObi-Wan Kenobi
78%
George Burns; Morgan FreemanGod
71%
Ian McKellen; Michael FassbenderMagneto
68%
Kristy Swanson; Sarah Michelle GellarBuffy
64%
Cate Blanchett; Judi DenchQueen Elizabeth
60%
Willem Dafoe; Jim CaviezelJesus
56%
Rebecca Romijn; Jennifer LawrenceMystique
51%
Catherine Bach; Jessica SimpsonDaisy Duke
48%
Jerry Lewis; Eddie MurphyThe Nutty Professor
45%
Mike Myers; Tom CruiseAustin Powers
45%
Daniel Day-Lewis; Gilbert GottfriedAbraham Lincoln
44%
Jonathan Taylor Thomas;
Matthew Broderick
Simba
27%

Score Distribution

Percentile by Number Answered

Percent of People with Each Score

Your Score History

You have not taken this quiz since the last reset